000 00437nam a2200133Ia 4500
008 100328s9999 xx 000 0 und d
082 _b27802
100 _aकोतापल्ले नागनाथ
245 _aउलट चालिला प्रवाह
260 _bाारा
630 _aउलट चालिला प्रवाह
730 _aउलट चालिला प्रवाह
942 _cBOOK
999 _c519509
_d519506